Statistics for Native American Tribes in the US

Click here to take the quiz!

General Stats

  • This quiz has been taken 19,915 times
    (17,276 since last reset)
  • The average score is 20 of 187

Answer Stats

Answer% Correct
Cherokee
73%
Sioux
73%
Navajo
72%
Apache
62%
Iroquois
53%
Cree
43%
Seminole
42%
Dakota
40%
Blackfeet
37%
Mohawk
36%
Cheyenne
34%
Comanche
32%
Creek
29%
Choctaw
28%
Hopi
27%
Crow
26%
Pueblo
26%
Arapaho
24%
Ute
24%
Pawnee
23%
Chippewa
22%
Delaware
21%
Iowa
21%
Nez Perce
21%
Shawnee
21%
Shoshone
21%
Chickasaw
20%
Huron
20%
Miami
18%
Seneca
18%
Otoe-Missouria
17%
Kiowa
16%
Oneida
16%
Ojibwe
15%
Osage
15%
Ottawa
15%
Paiute
15%
Alabama-Quassarte
14%
Fox
14%
Omaha
14%
Alabama
13%
Cayuga
13%
Mohave
13%
Zuni
13%
Chinook
12%
Ho-Chunk
12%
Onondaga
12%
Potawatomi
12%
Assiniboine
11%
Kickapoo
11%
Salish
11%
Wampanoag
11%
Wichita
11%
Yakama
11%
Akimel O'odham
10%
Sac
10%
Caddo
9%
Micmac
9%
Mohegan
9%
Narragansett
9%
Pequot
9%
Spokane
9%
Athapascan
8%
Menominee
8%
Miwok
8%
Odawa
8%
Papago
8%
Sauk
8%
Bear River
7%
Catawba
7%
Chumash
7%
Coeur D'Alene
7%
Kaw
7%
Klamath
7%
Kootenai
7%
Modoc
7%
Pomo
7%
Ponca
7%
Tuscarora
7%
Walla Walla
7%
Yavapai
7%
Ak Chin
6%
Cahuilla
6%
Colville
6%
Coos
6%
Cowlitz
6%
Goshute
6%
Havasupai
6%
Hoh
6%
Hualapai
6%
Hupa
6%
Kumeyaay
6%
Lummi
6%
Maidu
6%
Mono
6%
Penobscot
6%
Peoria
6%
Quechan
6%
Tunica-Biloxi
6%
Umatilla
6%
Washoe
6%
Cahto
5%
Cayuse
5%
Chehalis
5%
Chemehuevi
5%
Chickahominy
5%
Chitimacha
5%
Cocopah
5%
Coquille
5%
Coushatta
5%
Kalispel
5%
Karuk
5%
Klallam
5%
Luiseno
5%
Makah
5%
Maliseet
5%
Me-Wuk
5%
Miccosukee
5%
Muckleshoot
5%
Nisqually
5%
Nooksack
5%
Okanagan
5%
Pamunky
5%
Passamaquoddy
5%
Pee-Posh
5%
Puyallup
5%
Quapaw
5%
Quileute
5%
Quinault
5%
Rappahannock
5%
Shasta
5%
Shinnecock
5%
Snoqualmie
5%
Suquamish
5%
Tillamook
5%
Tonkawa
5%
Umpqua
5%
Wintun
5%
Wyandotte
5%
Yurok
5%
A'aninin
4%
Achomawi
4%
Alsea
4%
Chelan
4%
Chetco
4%
Chukchansi
4%
Cupeno
4%
Entiat
4%
Klickitat
4%
Mattaponi
4%
Monacan
4%
Nansemond
4%
Pascua Yaqui
4%
Rogue River
4%
Serrano
4%
Siletz
4%
Siuslaw
4%
Skagit
4%
S'Kallam
4%
Skokomish
4%
Swinomish
4%
Tejon
4%
Tolowa
4%
Wailaki
4%
Wasco
4%
Wenatchi
4%
Wiyot
4%
Yana
4%
Yokuts
4%
Yuki
4%
Kalpuya
3%
Mattole
3%
Methow
3%
Molalla
3%
Nespelem
3%
Nomlaki
3%
Palus
3%
Sanpoil
3%
Squaxin
3%
Stillaguamish
3%
Suiattle
3%
Takelma
3%
Tenino
3%
Tubatulabal
3%
Tututni
3%
Wanapam
3%
Wishram
3%

Score Distribution

Percentile by Number Answered

Percent of People with Each Score

Your Score History

You have not taken this quiz since the last reset